Nineteen eighty-four : (Record no. 10737)
[ view plain ]
| 000 -LEADER | |
|---|---|
| fixed length control field | 00514 a2200181 4500 |
| 020 ## - INTERNATIONAL STANDARD BOOK NUMBER | |
| International Standard Book Number | 978-0-14-118776-1 |
| 040 ## - CATALOGING SOURCE | |
| Original cataloging agency | DLC |
| Language of cataloging | DLC |
| 082 04 - DEWEY DECIMAL CLASSIFICATION NUMBER | |
| Classification number | 823.912 |
| 100 ## - MAIN ENTRY--PERSONAL NAME | |
| Personal name | George Orwell |
| 245 10 - TITLE STATEMENT | |
| Title | Nineteen eighty-four : |
| Statement of responsibility, etc. | George Orwell, Thomas Pynchon, Peter Davison |
| 260 ## - PUBLICATION, DISTRIBUTION, ETC. | |
| Place of publication, distribution, etc. | London : |
| Name of publisher, distributor, etc. | Penguin, |
| Date of publication, distribution, etc. | 2003 |
| 300 ## - PHYSICAL DESCRIPTION | |
| Extent | 355 s. |
| 490 0# - SERIES STATEMENT | |
| Series statement | Penguin Modern Classics |
| 650 #7 - SUBJECT ADDED ENTRY--TOPICAL TERM | |
| Topical term or geographic name entry element | Science fiction, English |
| 700 1# - ADDED ENTRY--PERSONAL NAME | |
| Personal name | Pynchon, Thomas, |
| Dates associated with a name | 1937- |
| Relator code | ctb |
| 700 1# - ADDED ENTRY--PERSONAL NAME | |
| Personal name | Davison, Peter |
| Relator code | ctb |
| 942 ## - ADDED ENTRY ELEMENTS (KOHA) | |
| Koha item type | Book |
| Call number prefix | 823.912 ORW |
| Source of classification or shelving scheme | |
| Withdrawn status | Lost status | Damaged status | Not for loan | Collection code | Permanent Location | Current Location | Shelving location | Date acquired | Source of acquisition | Cost, normal purchase price | Total Checkouts | Total Renewals | Full call number | Barcode | Checked out | Date last seen | Date last checked out | Price effective from | Koha item type |
|---|---|---|---|---|---|---|---|---|---|---|---|---|---|---|---|---|---|---|---|
| Central Library (CL) | Central Library (CL) | Fiction | 03/13/2012 | Saeed Book Bank | 396.00 | 21 | 8 | 823.912 ORW | SEECS010888 | 11/07/2025 | 10/08/2025 | 10/08/2025 | 01/05/2017 | Book |
